Budúci biznis bude len digitálny

Tri hlavné trendy v budúcich dekádach, ktoré budú generovať inovácie: rastúci výkon počítačov, digitalizácia a inteligentné siete. Príklad z medicíny. Priemysel budúcnosti - digitalizácia, automatizácia a robotika. Dáta ako zdroj inovácií. Čo s novým bohatstvom.

Na minha lista:
Detalhes bibliográficos
Autor principal: Gregor, Milan
Outros Autores: Jurina, Ľubomír
Formato: Capítulo de Livro
Idioma:eslovaco
Assuntos:
Tags: Adicionar Tag
Sem tags, seja o primeiro a adicionar uma tag!

MARC

LEADER 00000naa a2200000 4500
001 0205213
005 20231113103257.9
041 0 |a slo 
044 |a SK 
245 1 0 |a Budúci biznis bude len digitálny  |c Milan Gregor, Ľubomír Jurina 
520 |a Tri hlavné trendy v budúcich dekádach, ktoré budú generovať inovácie: rastúci výkon počítačov, digitalizácia a inteligentné siete. Príklad z medicíny. Priemysel budúcnosti - digitalizácia, automatizácia a robotika. Dáta ako zdroj inovácií. Čo s novým bohatstvom. 
610 2 0 |a digitalizácia 
610 2 0 |a automatizácia 
610 2 0 |a robotizácia 
610 2 0 |a počítače 
610 2 0 |a inovácia 
610 2 0 |a pokrok technický 
610 2 0 |a kvalifikácia 
100 1 |a Gregor, Milan 
700 1 |a Jurina, Ľubomír